000 01366nam0a22003011 4500
001 rc\1011011
005 20250622075238.0
035 _a(NLR Aleph) 006176556
090 _a6020703
_c6020703
100 _a20041129d1981 |||y0rusy50 ca
101 0 _arus
102 _aRU
105 _aa |||||||||
200 1 _aВластелины погоды
_eСб. науч.-фантаст. произведений
_fПер. с англ. Б. Клюевой и И. Можейко
_gПредисл. д. ист. н. И. Бестужева-Лады
_g[Худож. Б.Н. Чупрыгин]
210 _aМ.
_cМир
_d1981
215 _a236 с.
_cил.
_d21
225 1 _aЗарубежная фантастика
320 _aБиблиогр.: с. 325
327 1 _aСодерж.: Властелины погоды: Роман; Ветры Альтаира: Повесть; Незначительный просчет: Рассказ
464 0 _12001#$aВластелины погоды
_tВластелины погоды
464 0 _12001#$aВетры Альтаира
_tВетры Альтаира
464 0 _12001#$aНезначительный просчет
_tНезначительный просчет
700 1 _aБова
_bБ.
_f1932-
_gБен
801 0 _aRU
_bNLR
_gpsbo
801 1 _aRU
_bELAR
_2rusmarc
852 _aNLR
_j81-3/7343
942 _cBOOK
980 _aNB